000 nam a22 a 4500
999 _c46035
_d46035
003 BLK
005 20230517162618.0
008 180408b bul|||||r ||||||| ||bul||
010 _aKNG00049838000
020 _a954-507-023-4
040 _aBLK
041 _aBUL
_cBUL
080 _aАнглийска литература
_b821.111
_x-312.4
_z821.111-312.4
100 1 _aЧейс, Джеймс Хадли
_eпърви автор
_9241644
139 _aЧейс, Джеймс Хадли
_bЧ 49
245 1 0 _aМалъри
_bКримин. роман
_cДжеймс Хадли Чейс; прев. от англ. Мария Парушева.
257 _aGBR
260 _aСофия
_bГуторанов и син
_c1993
_fВраца : Полипринт
300 _a214 с.
_c20 см
380 _aX
490 _aДжеймс Хадли Чейс : Избрано
_v11
_9201819
500 _aОриг. загл. Mallory / James Hadley Chase. - Офс. изд. - 16 000 тир.
653 _aкрими
653 _aромани
700 1 _aПарушева, Мария
_eпрев. от англ.
_9242449
852 _aЦб 175384
_bЦб
856 4 _qpdf
_i0.00
_ldisable
856 4 _qpdf
_i0.00
_ldisable
942 _cKNG
_n0
_05
_s1
944 _aCR
_c05.05.2005
_lф /
_kДиана_Димитрова
944 _aED
_c11.05.2017
_lф /
_kЛюдмила_Стоянова
999 _d46035